Central Library OPAC University of Rajshahi

Canterbury / (Record no. 24359)

MARC details
000 -LEADER
fixed length control field 00691nam a22002297a 4500
001 - CONTROL NUMBER
control field 24359
003 - CONTROL NUMBER IDENTIFIER
rucl marc code BD-RjUL
005 - DATE AND TIME OF LATEST TRANSACTION
control field 20211209001036.0
008 - FIXED-LENGTH DATA ELEMENTS--GENERAL INFORMATION
fixed length control field 140313s1950 enkaf 001 0 eng d
035 ## - SYSTEM CONTROL NUMBER
System control number (BD-RjUL)24425
040 ## - CATALOGING SOURCE
Original cataloging agency BD-RjUL
Language of cataloging eng
Transcribing agency BD-RjUL
041 ## - LANGUAGE CODE
Language code of text/sound track or separate title eng
082 ## - DEWEY DECIMAL CLASSIFICATION NUMBER
Classification number 942
Author mark and year TOC 1950
100 1# - MAIN ENTRY--PERSONAL NAME
Personal name Townsend, William.
9 (RLIN) 74996
245 ## - TITLE STATEMENT
Title Canterbury /
Statement of responsibility, etc. by William Townsend
260 ## - PUBLICATION, DISTRIBUTION, ETC. (IMPRINT)
Place of publication, distribution, etc. London ;
-- New York :
Name of publisher, distributor, etc. B. T. Batsford,
Date of publication, distribution, etc. 1950.
300 ## - PHYSICAL DESCRIPTION
Pagination vii, 88 p. :
Illustrations ill., maps ;
Size 19 cm.
490 1# - SERIES STATEMENT
Series statement British cities series
504 ## - BIBLIOGRAPHY, ETC. NOTE
Bibliography, etc Includes bibliographical references and index.
650 #0 - SUBJECT ADDED ENTRY--TOPICAL TERM
Topical term or geographic name as entry element Canterbury (England)
Form subdivision Description and travel
9 (RLIN) 74997
942 ## - ADDED ENTRY ELEMENTS (KOHA)
Source of classification or shelving scheme Dewey Decimal Classification
Koha item type Books
Holdings
Lost status Source of classification or shelving scheme Damaged status Not for loan Collection code Permanent Location Current Location Shelving location Date acquired Source of acquisition Cost, normal purchase price Total Checkouts Full call number Date last seen Copy number Koha item type
  Dewey Decimal Classification   Added to bundle Non-fiction Central Library, University of Rajshahi Central Library, University of Rajshahi Reading Room 31/07/1967 A. B. C. 6.14   942 TOC 1950 13/03/2014 C-1 Books